|
|
|
|
| LEADER |
00000nab a2200000 a 4500 |
| 001 |
vtls000686843 |
| 003 |
SK-MaSNL |
| 005 |
20260304224625.0 |
| 008 |
250425c1998 xo 0 slo |
| 015 |
|
|
|a SNBRB1999/02-04932
|
| 035 |
|
|
|a CLN000039010
|
| 035 |
|
|
|a urn:nbn:sk:snk-ab31ux
|
| 035 |
|
|
|a (urnnbn)urn:nbn:sk:snk:ar-a04mm4
|
| 035 |
|
|
|a (uuid)e73ba260-9ff2-4141-9738-638b445fd417
|
| 040 |
|
|
|a SNKBUCL
|b slo
|c SNKBUCL
|e AACR2
|
| 041 |
0 |
|
|a slo
|
| 044 |
|
|
|a xo
|c SK
|
| 080 |
|
|
|a 656.022:658.562
|2 1997
|
| 080 |
|
|
|a 658.562
|2 1997
|
| 100 |
1 |
|
|a Raši, Šimon,
|d 1968-
|4 aut
|9 166462
|
| 245 |
1 |
0 |
|a Kvalita dopravných služieb ako neoddeliteľná súčasť cestovného ruchu
|c Šimon Raši
|
| 650 |
0 |
7 |
|a doprava
|x služby dopravné
|x kvalita
|2 snkbucl
|9 1559979
|
| 650 |
0 |
7 |
|a kvalita
|2 snkbucl
|9 1150
|
| 655 |
|
7 |
|a články z novín a časopisov
|2 snkbucl
|9 267496
|
| 773 |
0 |
|
|t Horizonty dopravy
|g Roč. 6, č. 4 (1998)
|g S. 22-25
|x 1210-0978
|x 1210-0978
|
| 773 |
0 |
|
|t [Príl.] Verejný záujem v hromadnej doprave a dopravná obslužnosť územia
|g Roč. 6, č. 4 (1998)
|g S. 22-25
|x 1210-0978
|x 1210-0978
|
| 850 |
|
|
|a Slovenská národná knižnica
|
| 852 |
|
|
|a Slovenská národná knižnica
|
| 954 |
|
|
|a odborná, vedecká literatúra pôvodná (slovenská)
|2 lita
|
| 958 |
|
|
|a article27
|
| 958 |
|
|
|a OND
|
| 958 |
|
|
|a EUIPO
|
| 992 |
|
|
|a RBX
|
| 999 |
|
|
|c 3173385
|d 3175315
|